Psychological researches in India; (Record no. 67261)

MARC details
000 -LEADER
fixed length control field 00823cam a22002651 4500
001 - CONTROL NUMBER
control field sa 66000459
003 - CONTROL NUMBER IDENTIFIER
control field DLC
005 - DATE AND TIME OF LATEST TRANSACTION
control field 20260227112215.0
008 - FIXED-LENGTH DATA ELEMENTS--GENERAL INFORMATION
fixed length control field 800613s1965 ii c b 010 0 eng
010 ## - LIBRARY OF CONGRESS CONTROL NUMBER
LC control number sa 66000459
025 ## - OVERSEAS ACQUISITION NUMBER
Overseas acquisition number PL480:I-E-4946
035 ## - SYSTEM CONTROL NUMBER
System control number (OCoLC)6419394
040 ## - CATALOGING SOURCE
Original cataloging agency DLC
Transcribing agency NBuU
Modifying agency DLC
041 0# - LANGUAGE CODE
Language code of text/sound track or separate title enghin
050 00 - LIBRARY OF CONGRESS CALL NUMBER
Classification number BF108.I6
Item number J3
110 2# - MAIN ENTRY--CORPORATE NAME
Corporate name or jurisdiction name as entry element Jalota Commemoration Volume Committee.
245 10 - TITLE STATEMENT
Title Psychological researches in India;
Remainder of title a commemoration volume in honour of Prof. Shyam Swaroóp Jalota.
260 ## - PUBLICATION, DISTRIBUTION, ETC.
Place of publication, distribution, etc. Varanasi,
Date of publication, distribution, etc. 1965.
300 ## - PHYSICAL DESCRIPTION
Extent xiii, 261 p.
Other physical details port.
Dimensions 25 cm.
500 ## - GENERAL NOTE
General note Includes 2 articles in Hindi.
504 ## - BIBLIOGRAPHY, ETC. NOTE
Bibliography, etc. note Includes bibliographies.
650 #0 - SUBJECT ADDED ENTRY--TOPICAL TERM
Topical term or geographic name entry element Psychology
General subdivision Research
Geographic subdivision India.
600 10 - SUBJECT ADDED ENTRY--PERSONAL NAME
Personal name Jalota, Shyam Swarup,
Dates associated with a name 1904-
700 1# - ADDED ENTRY--PERSONAL NAME
Personal name Jalota, Shyam Swarup,
Dates associated with a name 1904-

No items available.

Powered by Koha